Nominations oscar best picture '2000s - Statistics

General Stats
  • This quiz has been taken 1,587 times
  • The average score is 30 of 55
Answer Stats
Hint Director / Actor Answers % Correct
2000 Ridley Scott Gladiator
91%
2004 Hilary Swank Million Dollar Baby
84%
2005 Heath Ledger Brokeback Mountain
77%
2006 Martin Scorsese The Departed
77%
2009 James Cameron Avatar
75%
2007 Joel & Ethan Coen No Country for Old Men
75%
2004 Jamie Foxx Ray
75%
2001 Ron Howard A Beautiful Mind
74%
2008 Sean Penn Milk
72%
2008 Danny Boyle Slumdog Millionaire
72%
2009 Kathryn Bigelow The Hurt Locker
71%
2003 Peter Jackson The Lord of the Rings: The Return of the King
71%
2005 Philip Seymour Hoffman Capote
68%
2001 Elijah Wood The Lord of the Rings: The Fellowship of the Ring
68%
2007 Daniel Day-Lewis There Will Be Blood
68%
2005 Paul Haggis Crash
67%
2006 Helen Mirren The Queen
67%
2002 Richard Gere Chicago
64%
2003 Bill Murray Lost in Translation
63%
2009 Sandra Bullock The Blind Side
63%
2000 Julia Roberts Erin Brockovich
62%
2002 Roman Polanski The Pianist
61%
2008 Kate Winslet The Reader
61%
2002 Nicole Kidman The Hours
59%
2001 Baz Luhrmann Moulin Rouge!
57%
2003 Tim Robbins Mystic River
57%
2000 Juliette Binoche Chocolat
56%
2004 Cate Blanchett The Aviator
56%
2002 Viggo Mortensen The Lord of the Rings: The Two Towers
55%
2000 Steven Soderbergh Traffic
55%
2000 Ang Lee Crouching Tiger, Hidden Dragon
53%
2002 Leonardo di Caprio Gangs of New York
50%
2008 Brad Pitt The Curious Case of Benjamin Button
49%
2009 Gabourey Sidibe Precious
47%
2009 Pete Docter Up
47%
2004 Paul Giamatti Sideways
46%
2007 Tilda Swinton Michael Clayton
45%
2009 Quentin Tarantino Inglourious Basterds
42%
2007 Keira Knightley Atonement
41%
2006 Alejandro G. Iñárritu Babel
41%
2005 Steven Spielberg Munich
40%
2005 David Strathairn Good Night, and Good Luck
39%
2008 Michael Sheen Frost/Nixon
38%
2006 Steve Carell Little Miss Sunshine
38%
2009 George Clooney Up in the Air
38%
2009 Carey Mulligan An Education
36%
2007 Jason Reitman Juno
36%
2004 Johnny Depp Finding Neverland
34%
2001 Sissy Spacek In the Bedroom
34%
2001 Robert Altman Gosford Park
30%
2006 Clint Eastwood Letters from Iwo Jima
29%
2003 Tobey Maguire Seabiscuit
29%
2003 Russel Crowe Master and Commander: The Far Side of the World
27%
2009 Sharlto Copley District 9
25%
2009 Michael Stuhlbarg A Serious Man
18%
No matching quizzes found
Score Distribution
Percent of People with Each Score
Percentile by Number Answered
Your Score History
You have not taken this quiz